000 00318nam a2200133Ia 4500
008 240624s9999 xx 000 0 und d
041 _aeng
082 _a004 CER
100 _aCERUZZI PAUL E
245 _aCOMPUTING A CONCISE HISTORY
260 _c2012
_aLondon
_bThe MIT Press
300 _a216 , p.
365 _c
_b31
999 _c29202
_d29202